000 00663nam a2200253Ia 4500
001 1028
003 GE_BSU
008 181216s||||||||xx |||||||||||||| ||und||
020 _a569100341
040 _cGE_BSU
080 _a159.9.07
245 _aПсихологические тесты.Т.1
245 _bВ двух томах
245 _cПод ред. А.А.Карепина
260 _aМосква
260 _bВладос
260 _c2003
300 _a312стр.
541 _h10л.
653 _aПсихологические тесты
653 _aПсихология
653 _aფსიქოლოგია
942 _cBK
999 _c35183
_d35183